[Event "CAN op"]
[Site "Hamilton CAN"]
[Date "2022.07.14"]
[Round "5.18"]
[White "Terry, Joshua"]
[Black "Chen, Max"]
[Result "0-1"]
[WhiteElo "1958"]
[BlackElo "2299"]
[PlyCount "106"]
[EventDate "2022.07.12"]
[EventType "swiss"]
[EventRounds "9"]
[EventCountry "CAN"]

1. d4 Nf6 2. c4 g6 3. f3 d5 4. cxd5 Nxd5 5. e4 Nb6 6. Be3 Bg7 7. Nc3 O-O 8. Qd2
f5 9. O-O-O Nc6 10. h4 h5 11. e5 Nb4 12. Nh3 N4d5 13. Nxd5 Qxd5 14. b3 a5 15.
Nf4 Qf7 16. Kb2 a4 17. Qc3 axb3 18. axb3 Bh6 19. e6 Bxe6 20. d5 Bg7 21. Bd4 Bd7
22. Bd3 Bxd4 23. Qxd4 Qf6 24. Bb1 Qxd4+ 25. Rxd4 Rf6 26. Re1 Kf7 27. Ba2 Rd6
28. b4 Kf6 29. Rdd1 Na4+ 30. Kb3 Nc3 31. Kxc3 Rxa2 32. Ra1 Rda6 33. Rxa2 Rxa2
34. Kb3 Ra6 35. Nd3 Rd6 36. Rc1 Bb5 37. Nf4 c6 38. dxc6 bxc6 39. Rc2 Rd4 40.
Ne2 Rxh4 41. Nc3 Bc4+ 42. Ka3 Rd4 43. Rc1 Rd8 44. Ne4+ fxe4 45. Rxc4 exf3 46.
Rf4+ Kg5 47. Rxf3 e5 48. Ka4 e4 49. Rc3 Rd6 50. Ka5 Re6 51. Re3 Kf4 52. Re1 e3
53. Re2 Ke4 0-1

[Event "CAN op"]
[Site "Hamilton CAN"]
[Date "2022.07.14"]
[Round "5.19"]
[White "Zomorrodian, Eilia"]
[Black "Colvin, Andrew"]
[Result "1-0"]
[WhiteElo "2263"]
[BlackElo "1937"]
[PlyCount "83"]
[EventDate "2022.07.12"]
[EventType "swiss"]
[EventRounds "9"]
[EventCountry "CAN"]

1. e4 e6 2. d4 d5 3. Nd2 h6 4. Bd3 c5 5. exd5 Qxd5 6. Ngf3 cxd4 7. O-O Nf6 8.
Bc4 Qd6 9. Nb3 Nc6 10. Nbxd4 Nxd4 11. Nxd4 a6 12. Re1 Qc7 13. Bb3 Bd6 14. h3
O-O 15. Qf3 Nd7 16. c3 Ne5 17. Qe4 Bd7 18. Bc2 f5 19. Qe2 Rae8 20. Bb3 b5 21.
Bf4 Nc6 22. Nxe6 Bxe6 23. Bxe6+ Kh8 24. Bxd6 Qxd6 25. Rad1 Qe7 26. Qf1 Qf6 27.
Bd5 Ne5 28. Rd4 Nc6 29. Bxc6 Qxc6 30. Red1 Qf6 31. a4 Rb8 32. Rd6 Qg5 33. a5
Rf6 34. Qd3 Rbf8 35. c4 bxc4 36. Qxc4 Rxd6 37. Rxd6 Rf6 38. h4 Qh5 39. Rd8+ Kh7
40. Qg8+ Kg6 41. Qe8+ Rf7 42. Rd7 1-0

[Event "CAN op"]
[Site "Hamilton CAN"]
[Date "2022.07.14"]
[Round "5.20"]
[White "England, Max"]
[Black "Mikhalevski, Victor"]
[Result "1/2-1/2"]
[WhiteElo "2084"]
[BlackElo "2629"]
[PlyCount "85"]
[EventDate "2022.07.12"]
[EventType "swiss"]
[EventRounds "9"]
[EventCountry "CAN"]

1. e4 c5 2. Nf3 d6 3. d4 cxd4 4. Nxd4 Nf6 5. Nc3 a6 6. Be3 e5 7. Nb3 Be6 8. f3
h5 9. Qd2 Nbd7 10. O-O-O Be7 11. Nd5 Nxd5 12. exd5 Bf5 13. Bd3 Bxd3 14. Qxd3
Bg5 15. Nd2 O-O 16. g4 Bxe3 17. Qxe3 Nf6 18. Ne4 hxg4 19. Nxf6+ Qxf6 20. fxg4
Rac8 21. Rdf1 Qg6 22. Qe2 b5 23. Rf5 Rc4 24. Rg1 Rfc8 25. c3 b4 26. h4 bxc3 27.
b3 Rf4 28. h5 Qh7 29. Qxa6 Rf8 30. Qxd6 Rxf5 31. gxf5 Qxf5 32. Qh6 Qh7 33. Qf6
Kh8 34. Qxe5 f6 35. Qxc3 Qf5 36. Qg3 Rg8 37. d6 Qd5 38. Kb2 Qd4+ 39. Kb1 Qe4+
40. Kb2 Qd4+ 41. Kb1 Qe4+ 42. Kb2 Qd4+ 43. Kb1 1/2-1/2

[Event "CAN op"]
[Site "Hamilton CAN"]
[Date "2022.07.14"]
[Round "5.21"]
[White "Sambuev, Bator"]
[Black "Berengolts, Isaac"]
[Result "1-0"]
[WhiteElo "2568"]
[BlackElo "2042"]
[PlyCount "67"]
[EventDate "2022.07.12"]
[EventType "swiss"]
[EventRounds "9"]
[EventCountry "CAN"]

1. d4 Nf6 2. Nf3 e6 3. e3 b6 4. Bd3 Ba6 5. c4 Bb4+ 6. Nbd2 O-O 7. O-O d6 8. Qc2
Re8 9. Ne4 d5 10. Nxf6+ gxf6 11. Bxh7+ Kg7 12. Bd3 Bd6 13. cxd5 Bxd3 14. Qxd3
exd5 15. Nh4 Rh8 16. Nf5+ Kf8 17. g3 Nc6 18. e4 Ne7 19. Qf3 dxe4 20. Qxe4 Nxf5
21. Qxf5 Qc8 22. Qxc8+ Rxc8 23. Kg2 Ke7 24. h4 Rcg8 25. Kf3 f5 26. Re1+ Kd7 27.
Bg5 Rg6 28. d5 a5 29. Re2 a4 30. Rae1 Bb4 31. Rc1 Bd6 32. Bf4 Bc5 33. Rc4 Ra8
34. Re5 1-0

[Event "CAN op"]
[Site "Hamilton CAN"]
[Date "2022.07.14"]
[Round "5.22"]
[White "Song, Edward"]
[Black "Fradkin, Benjamin"]
[Result "1-0"]
[WhiteElo "2474"]
[BlackElo "2076"]
[PlyCount "127"]
[EventDate "2022.07.12"]
[EventType "swiss"]
[EventRounds "9"]
[EventCountry "CAN"]

1. d4 c6 2. c4 d5 3. Nf3 Nf6 4. Nc3 Bf5 5. cxd5 cxd5 6. Qb3 Bc8 7. Bf4 e6 8. e3
a6 9. Bxb8 Rxb8 10. Bxa6 Bd6 11. Bb5+ Bd7 12. O-O O-O 13. Rfc1 Bc6 14. a3 Ne4
15. Bxc6 bxc6 16. Qc2 f5 17. b4 Qf6 18. Ne2 g5 19. Qxc6 g4 20. Ne5 Bxe5 21.
dxe5 Qxe5 22. Nf4 Rbe8 23. Qc7 Qb2 24. Qc2 Qe5 25. Qc7 Qb2 26. Qc2 Qe5 27. Nd3
Qf6 28. Nc5 Nxc5 29. Qxc5 f4 30. exf4 Qxf4 31. Qe3 Qf6 32. a4 e5 33. Ra2 e4 34.
Rd2 Rd8 35. b5 Rc8 36. Rcd1 Rfd8 37. a5 Rc3 38. Qd4 Qxd4 39. Rxd4 Rb3 40. b6
Rb5 41. Rxe4 Rxa5 42. Rxg4+ Kf7 43. Rb4 Rb8 44. b7 Ke6 45. g3 Ra7 46. Rb6+ Kf7
47. Rxd5 Rbxb7 48. Rxb7+ Rxb7 49. Kg2 Rb3 50. Rd6 Kg7 51. h3 Ra3 52. g4 Rb3 53.
f3 Ra3 54. Kg3 Ra4 55. h4 Rb4 56. g5 Ra4 57. h5 Rb4 58. Rd7+ Kg8 59. h6 Rb8 60.
f4 Ra8 61. Kg4 Rb8 62. f5 Rb4+ 63. Kh5 Rb8 64. g6 1-0

[Event "CAN op"]
[Site "Hamilton CAN"]
[Date "2022.07.14"]
[Round "5.25"]
[White "Rek, Slava"]
[Black "Yuen, Noah Nathaniel"]
[Result "1-0"]
[WhiteElo "2331"]
[BlackElo "1954"]
[PlyCount "61"]
[EventDate "2022.07.12"]
[EventType "swiss"]
[EventRounds "9"]
[EventCountry "CAN"]

1. Nf3 Nf6 2. d4 e6 3. g3 d5 4. Bg2 Be7 5. O-O O-O 6. c4 dxc4 7. Ne5 Nc6 8.
Nxc6 bxc6 9. Bxc6 Rb8 10. Nc3 Qd6 11. Bf3 Rd8 12. Bf4 Qb6 13. Na4 Qa5 14. Rc1
Rb4 15. b3 cxb3 16. Bxc7 Qxa4 17. Bxd8 Bxd8 18. Rxc8 Qd7 19. Ra8 bxa2 20. Qc2
Rxd4 21. Qxa2 g6 22. Qxa7 Qd6 23. Qa1 Kg7 24. e3 Rd2 25. Rd1 Be7 26. Rxd2 Qxd2
27. g4 h6 28. h4 Kh7 29. Ra7 Ng8 30. Rxe7 Nxe7 31. Qf6 1-0

[Event "CAN op"]
[Site "Hamilton CAN"]
[Date "2022.07.14"]
[Round "5.27"]
[White "Yang, Henry"]
[Black "Han, Johnathan"]
[Result "0-1"]
[WhiteElo "1863"]
[BlackElo "2232"]
[PlyCount "86"]
[EventDate "2022.07.12"]
[EventType "swiss"]
[EventRounds "9"]
[EventCountry "CAN"]

1. d4 Nf6 2. c4 e6 3. Nf3 b6 4. g3 Bb7 5. Bg2 Be7 6. O-O O-O 7. Nc3 Ne4 8. Qc2
Nxc3 9. Qxc3 c5 10. Rd1 d6 11. Qc2 Nc6 12. d5 exd5 13. cxd5 Nb8 14. e4 Nd7 15.
a4 Re8 16. Bf4 Bf8 17. h4 a6 18. Bf1 h6 19. b3 Rb8 20. Ra2 Qc7 21. Rc1 Nf6 22.
Nd2 Qd8 23. Bd3 Bc8 24. Nc4 b5 25. axb5 axb5 26. Nd2 Qb6 27. Rca1 Ng4 28. Nf1
Bd7 29. Kg2 Qb7 30. Ra7 Qc8 31. R7a6 Ne5 32. Nd2 Qd8 33. Nf3 Nxf3 34. Kxf3 Bc8
35. R6a5 Qf6 36. Bxb5 Rxb5 37. e5 dxe5 38. Rxb5 exf4 39. Rd1 fxg3+ 40. Kxg3
Bd6+ 41. Kg2 Qxh4 42. Rh1 Qg4+ 43. Kf1 Qh3+ 0-1

[Event "CAN op"]
[Site "Hamilton CAN"]
[Date "2022.07.14"]
[Round "5.28"]
[White "Locham, Divjot"]
[Black "Bluvshtein, Ilia"]
[Result "0-1"]
[WhiteElo "1751"]
[BlackElo "2220"]
[PlyCount "90"]
[EventDate "2022.07.12"]
[EventType "swiss"]
[EventRounds "9"]
[EventCountry "CAN"]

1. e4 e5 2. Nf3 Nc6 3. d4 exd4 4. Nxd4 Bc5 5. Nb3 Bb6 6. Nc3 d6 7. Bb5 Nge7 8.
Qe2 O-O 9. Bg5 Ne5 10. O-O-O c6 11. Bd3 a5 12. f3 a4 13. Nd2 Bd4 14. Ndb1 b5
15. Be3 Bxc3 16. Nxc3 b4 17. Nb1 Be6 18. c4 bxc3 19. Nxc3 Qa5 20. a3 c5 21. Kd2
d5 22. exd5 Nxd5 23. Ke1 Nxc3 24. bxc3 Qxc3+ 25. Kf2 Qxa3 26. Be4 Rad8 27. Ra1
Qb4 28. Qc2 Qb3 29. Rxa4 c4 30. Qxb3 cxb3 31. Bd4 f6 32. Ke2 Bc4+ 33. Ke3 Bb5
34. Rb4 Nc4+ 35. Ke2 Rxd4 36. Rxb5 Rd2+ 37. Ke1 Rfd8 38. Rxb3 Rd1+ 39. Kf2 Rxh1
40. Rb5 Rhd1 41. Rc5 Ne5 42. f4 Nd3+ 43. Bxd3 R8xd3 44. Rc8+ Kf7 45. Rc7+ Kg6
0-1

[Event "CAN op"]
[Site "Hamilton CAN"]
[Date "2022.07.14"]
[Round "5.29"]
[White "Mok, Gillian"]
[Black "Campbell, Brett"]
[Result "1-0"]
[WhiteElo "1735"]
[BlackElo "2189"]
[PlyCount "45"]
[EventDate "2022.07.12"]
[EventType "swiss"]
[EventRounds "9"]
[EventCountry "CAN"]

1. e4 e5 2. Nf3 Nc6 3. Nc3 Nf6 4. Bb5 Bc5 5. d3 d6 6. Bg5 h6 7. Bh4 a6 8. Ba4
b5 9. Bb3 Bg4 10. Bd5 Qd7 11. Bxf6 gxf6 12. h3 Be6 13. Nh4 O-O-O 14. a3 Nd4 15.
b4 Bb6 16. a4 c6 17. Bxe6 fxe6 18. axb5 axb5 19. Ne2 Qg7 20. c3 Nxe2 21. Qxe2
h5 22. Qa2 Kd7 23. Qa7+ 1-0

[Event "CAN op"]
[Site "Hamilton CAN"]
[Date "2022.07.14"]
[Round "5.30"]
[White "Bailey, Doug"]
[Black "Latreille, Etienne"]
[Result "1-0"]
[WhiteElo "2165"]
[BlackElo "1888"]
[PlyCount "99"]
[EventDate "2022.07.12"]
[EventType "swiss"]
[EventRounds "9"]
[EventCountry "CAN"]

1. e4 c5 2. Nf3 Nc6 3. d4 cxd4 4. Nxd4 g6 5. c4 Bg7 6. Be3 Qb6 7. Nb5 Qa5+ 8.
N5c3 Nf6 9. f3 d6 10. Be2 O-O 11. O-O Be6 12. Nd2 Rfc8 13. Rc1 Qd8 14. Ndb1 Nd7
15. Qd2 Qa5 16. Rfd1 Nc5 17. b3 a6 18. Kh1 Rab8 19. Nd5 Qxd2 20. Rxd2 a5 21.
Nbc3 Kf8 22. Nb6 Bxc3 23. Rxc3 Rd8 24. Rc1 Ke8 25. Rcd1 Ne5 26. Nd5 Nc6 27. Nc3
Ra8 28. f4 f6 29. Bf3 Rab8 30. Kg1 Bd7 31. Nd5 b6 32. h4 Rdc8 33. h5 Kf8 34.
hxg6 hxg6 35. Kf2 Be8 36. Rh1 b5 37. g4 bxc4 38. bxc4 Nb4 39. e5 dxe5 40. fxe5
Nbd3+ 41. Kg3 Nxe5 42. Rh8+ Kf7 43. Rh7+ Kf8 44. Bh6+ Kg8 45. Rxe7 Ncd7 46. Nf4
Nxf3 47. Rdxd7 Ng5 48. Rxe8+ Rxe8 49. Rg7+ Kf8 50. Nxg6# 1-0

[Event "CAN op"]
[Site "Hamilton CAN"]
[Date "2022.07.14"]
[Round "5.31"]
[White "Yang, Jingyun (Ryan)"]
[Black "Qian, Eric"]
[Result "1-0"]
[WhiteElo "2141"]
[BlackElo "1753"]
[PlyCount "133"]
[EventDate "2022.07.12"]
[EventType "swiss"]
[EventRounds "9"]
[EventCountry "CAN"]

1. g3 d5 2. Nf3 Nf6 3. Bg2 g6 4. d4 Bg7 5. O-O O-O 6. Nbd2 b6 7. c3 Bb7 8. Ne5
c5 9. Ndf3 Nc6 10. Bf4 Re8 11. Ng5 Rf8 12. Ngf3 Re8 13. Nxc6 Bxc6 14. Be5 Nd7
15. Bxg7 Kxg7 16. Qd2 Qc7 17. Rfd1 Rad8 18. Bh3 Qd6 19. Bxd7 Bxd7 20. dxc5 Qxc5
21. Qxd5 Qxd5 22. Rxd5 Bg4 23. Rad1 Rxd5 24. Rxd5 Bxf3 25. exf3 e5 26. Rd7 a5
27. Kf1 Re6 28. Ke2 Kf6 29. Ke3 Rc6 30. h4 Ke6 31. Rd8 Ke7 32. Rd1 h5 33. Rd3
Ke6 34. b3 b5 35. Kd2 a4 36. Rd8 axb3 37. axb3 Rc5 38. Rb8 Ke7 39. Rb7+ Ke6 40.
Rb6+ Ke7 41. Ra6 Rd5+ 42. Kc2 Rc5 43. Ra5 Kd6 44. b4 Rd5 45. Ra8 Ke6 46. Rc8
Rd6 47. c4 bxc4 48. Rxc4 Rb6 49. Kb3 Kd5 50. Rc5+ Kd6 51. Rc2 Ra6 52. b5 Ra1
53. Kb4 Rb1+ 54. Ka5 Rb3 55. b6 Rxf3 56. b7 Rb3 57. Ka6 f6 58. Ka7 Ra3+ 59. Kb8
Kd7 60. Rc7+ Kd8 61. Rc6 g5 62. Rd6+ Ke7 63. Kc7 Ra7 64. Rb6 gxh4 65. gxh4 f5
66. Kc8 Rxb7 67. Rxb7+ 1-0

[Event "CAN op"]
[Site "Hamilton CAN"]
[Date "2022.07.14"]
[Round "5.32"]
[White "Mendes, Aaron Reeve"]
[Black "Wu, Lucian"]
[Result "1/2-1/2"]
[WhiteElo "2106"]
[BlackElo "1726"]
[PlyCount "76"]
[EventDate "2022.07.12"]
[EventType "swiss"]
[EventRounds "9"]
[EventCountry "CAN"]

1. e4 c5 2. Nf3 d6 3. Bb5+ Bd7 4. Bxd7+ Qxd7 5. O-O Nf6 6. Re1 Nc6 7. c3 e6 8.
d4 cxd4 9. cxd4 d5 10. e5 Ne4 11. Nbd2 Nxd2 12. Bxd2 Be7 13. Rc1 O-O 14. Rc3
Rac8 15. a3 f6 16. exf6 Bxf6 17. Rd3 h6 18. Bc3 Rce8 19. Rde3 Rf7 20. h3 Rfe7
21. Qe2 Qc7 22. b4 a5 23. bxa5 Qd6 24. Qb2 Rc7 25. a4 Na7 26. Qb6 Nc8 27. Qb1
Qd7 28. Qb5 Qf7 29. Bb4 Rc2 30. a6 bxa6 31. Qxa6 Bxd4 32. Qd3 Bxe3 33. Qxc2 Ba7
34. Qc6 e5 35. Bc5 Bxc5 36. Qxc5 e4 37. Nd4 Rf8 38. Re2 Na7 1/2-1/2

[Event "CAN op"]
[Site "Hamilton CAN"]
[Date "2022.07.14"]
[Round "5.33"]
[White "Belanger, Colton"]
[Black "Sharma, Vishruth"]
[Result "0-1"]
[WhiteElo "1725"]
[BlackElo "2106"]
[PlyCount "32"]
[EventDate "2022.07.12"]
[EventType "swiss"]
[EventRounds "9"]
[EventCountry "CAN"]

1. e4 e5 2. Nf3 Nc6 3. Bc4 Nf6 4. Ng5 d5 5. exd5 Nd4 6. c3 b5 7. Bf1 Nxd5 8.
cxd4 Qxg5 9. Bxb5+ Kd8 10. Qf3 exd4 11. O-O Bb7 12. d3 Qf6 13. Qe4 Bd6 14. Bd2
Rb8 15. Re1 Ne3 16. Bc6 Bxc6 0-1

[Event "CAN op"]
[Site "Hamilton CAN"]
[Date "2022.07.14"]
[Round "5.34"]
[White "Young, Alex"]
[Black "Bui, Alan"]
[Result "0-1"]
[WhiteElo "1713"]
[BlackElo "2097"]
[PlyCount "66"]
[EventDate "2022.07.12"]
[EventType "swiss"]
[EventRounds "9"]
[EventCountry "CAN"]

1. d4 Nf6 2. Bf4 d5 3. Nf3 e6 4. e3 Bd6 5. Bg3 c5 6. c3 O-O 7. Nbd2 Qc7 8. Ne5
Nbd7 9. Ndf3 Ne4 10. Nxd7 Bxd7 11. Bd3 f5 12. Bxd6 Nxd6 13. Ne5 c4 14. Bc2 Nf7
15. f4 Nxe5 16. fxe5 b5 17. a3 a5 18. O-O Ra7 19. Qh5 Rb8 20. g4 g6 21. Qh6 b4
22. gxf5 exf5 23. Qg5 bxc3 24. bxc3 Qc8 25. Qe7 Rb2 26. Bd1 Rab7 27. Bf3 Be6
28. Qf6 Rf7 29. Qh4 Qb8 30. Qe1 Rfb7 31. Qc1 R7b3 32. Bd1 Qd8 33. Bxb3 Qg5+ 0-1

[Event "CAN op"]
[Site "Hamilton CAN"]
[Date "2022.07.14"]
[Round "5.35"]
[White "Leonard, Anthony"]
[Black "Trofimov-Malyshkin, Valentyn"]
[Result "0-1"]
[WhiteElo "2097"]
[BlackElo "1717"]
[PlyCount "84"]
[EventDate "2022.07.12"]
[EventType "swiss"]
[EventRounds "9"]
[EventCountry "CAN"]

1. e4 e6 2. d4 d5 3. Nd2 Nf6 4. e5 Nfd7 5. Bd3 c5 6. c3 Nc6 7. Ne2 Be7 8. O-O
cxd4 9. cxd4 O-O 10. f4 f5 11. Nf3 Rf7 12. Kh1 g6 13. Rg1 Nf8 14. Bd2 a6 15. a4
Bd7 16. Qe1 h5 17. b4 a5 18. b5 Nb4 19. Bxb4 Bxb4 20. Qf2 Be8 21. Rac1 Rc8 22.
Rcd1 Rfc7 23. h3 Rh7 24. Ng5 Rh8 25. Rc1 Bd7 26. Qe3 Nh7 27. Rxc8 Bxc8 28. Rc1
Be7 29. h4 Nxg5 30. fxg5 Bd7 31. Rc2 Kf7 32. Qc1 Qb8 33. Rc7 Rc8 34. b6 Bc6 35.
Rxc8 Qxc8 36. Bb5 Qd7 37. Nc3 Bd8 38. Qa3 Bxb6 39. Bxc6 bxc6 40. Ne2 Qe7 41.
Qc3 c5 42. Qb3 Qc7 0-1

[Event "CAN op"]
[Site "Hamilton CAN"]
[Date "2022.07.14"]
[Round "5.37"]
[White "Buscar, Michael"]
[Black "Cater, Brendan"]
[Result "1-0"]
[WhiteElo "2223"]
[BlackElo "1860"]
[PlyCount "107"]
[EventDate "2022.07.12"]
[EventType "swiss"]
[EventRounds "9"]
[EventCountry "CAN"]

1. d4 d5 2. c4 dxc4 3. e3 a6 4. Bxc4 Nf6 5. Nf3 e6 6. O-O Nbd7 7. Nc3 b5 8. Bd3
c5 9. a3 Bb7 10. Re1 Qc7 11. e4 cxd4 12. Nxd4 Be7 13. Qe2 O-O 14. e5 Ne8 15.
Qc2 g6 16. Bh6 Nc5 17. Bxf8 Bxf8 18. Bf1 Rc8 19. Qd2 Rd8 20. Qe3 Qe7 21. Rad1
Nc7 22. b4 Nd7 23. Qg3 Bg7 24. h4 Bd5 25. h5 Ba8 26. f4 Nf8 27. Qh3 Nd5 28.
Nxd5 Bxd5 29. h6 Bh8 30. g4 f6 31. Qh4 g5 32. Qf2 gxf4 33. Nf3 fxe5 34. Bd3 Nd7
35. g5 Bxf3 36. Qxf3 Qxg5+ 37. Qg2 Bf6 38. Be4 Qxg2+ 39. Kxg2 Kf7 40. Bxh7 Ke7
41. Be4 Rg8+ 42. Kf1 Nb6 43. h7 Rc8 44. Rd3 Nd5 45. Bxd5 exd5 46. Rxd5 Ke6 47.
Red1 Rh8 48. Rd6+ Kf5 49. Rd7 f3 50. R1d6 Bh4 51. Rh6 e4 52. Rxh4 e3 53. Rf7+
Kg5 54. Re4 1-0

[Event "CAN op"]
[Site "Hamilton CAN"]
[Date "2022.07.14"]
[Round "5.38"]
[White "Jiang, Hancy"]
[Black "Malakhovets, Sergey"]
[Result "0-1"]
[WhiteElo "1855"]
[BlackElo "2204"]
[PlyCount "124"]
[EventDate "2022.07.12"]
[EventType "swiss"]
[EventRounds "9"]
[EventCountry "CAN"]

1. d4 d5 2. Bf4 c6 3. c3 Nf6 4. Nf3 g6 5. Nbd2 Bg7 6. e3 Qb6 7. Qb3 Nh5 8. Be5
f6 9. Qxb6 axb6 10. Bc7 b5 11. Be2 Na6 12. Bb6 e5 13. O-O e4 14. Ne1 Bh6 15.
Nc2 Ng7 16. a4 bxa4 17. Rxa4 Nc7 18. Rfa1 Rxa4 19. Rxa4 Nge6 20. c4 f5 21. c5
O-O 22. Ra7 f4 23. Nb3 fxe3 24. fxe3 Nb5 25. Bxb5 cxb5 26. h4 Ng7 27. Nd2 Nf5
28. Nf1 Nxh4 29. Nb4 Nf5 30. Ra3 Be6 31. Nc2 Bd7 32. Ba5 Ra8 33. Bb4 Rxa3 34.
Bxa3 Bg5 35. Bb4 h5 36. Be1 Kf7 37. Bf2 Nh6 38. Nd2 Bg4 39. Nb4 Ke6 40. Nc2 Nf5
41. Nf1 Bd1 42. Ne1 h4 43. b4 Be2 44. Nc2 Bd3 45. Ne1 Bxf1 46. Kxf1 Nxe3+ 47.
Bxe3 Bxe3 48. Nc2 Bc1 49. Ke2 g5 50. Kd1 g4 51. Ke2 Kf5 52. Ne1 Kf4 53. Nc2 h3
54. Kf2 e3+ 55. Kg1 Kg3 56. gxh3 gxh3 57. c6 bxc6 58. Nxe3 Bxe3+ 59. Kh1 Bd2
60. Kg1 Bxb4 61. Kh1 Bc3 62. Kg1 b4 0-1

[Event "CAN op"]
[Site "Hamilton CAN"]
[Date "2022.07.14"]
[Round "5.39"]
[White "Lin, Leo"]
[Black "Kaye, Olya"]
[Result "1-0"]
[WhiteElo "2189"]
[BlackElo "1854"]
[PlyCount "69"]
[EventDate "2022.07.12"]
[EventType "swiss"]
[EventRounds "9"]
[EventCountry "CAN"]

1. e4 d6 2. d4 Nf6 3. Nc3 g6 4. Nf3 Bg7 5. Be2 a6 6. a4 O-O 7. O-O Nc6 8. Be3
Re8 9. h3 e5 10. d5 Ne7 11. a5 Nd7 12. Nd2 f5 13. f3 f4 14. Bf2 Nf6 15. Na4 g5
16. c4 h5 17. c5 Kf7 18. cxd6 cxd6 19. Bb6 Qd7 20. Rc1 Rh8 21. Rc7 Qd8 22. Nc4
Kg6 23. Nxe5+ dxe5 24. d6 Nc6 25. Rxg7+ Kxg7 26. Bxd8 Rxd8 27. Nb6 Rb8 28. Bc4
Nd4 29. Qa4 Rxd6 30. Qb4 Ne8 31. Qc5 Nc6 32. Bd5 Kf6 33. Nc4 Rxd5 34. Qf8+ Kg6
35. Qxe8+ 1-0

[Event "CAN op"]
[Site "Hamilton CAN"]
[Date "2022.07.14"]
[Round "5.40"]
[White "Windram, James"]
[Black "Leong, Ryan"]
[Result "1/2-1/2"]
[WhiteElo "2124"]
[BlackElo "1853"]
[PlyCount "52"]
[EventDate "2022.07.12"]
[EventType "swiss"]
[EventRounds "9"]
[EventCountry "CAN"]

1. e4 c5 2. Nf3 d6 3. d4 cxd4 4. Nxd4 Nf6 5. Nc3 a6 6. h3 e6 7. g4 Be7 8. g5
Nfd7 9. h4 Nc6 10. Be3 Qc7 11. f4 b5 12. a3 Bb7 13. h5 Nc5 14. Bg2 O-O-O 15. b4
Nxd4 16. Qxd4 e5 17. Qd2 Ne6 18. Bh3 Kb8 19. Bxe6 fxe6 20. O-O-O Rc8 21. Kb2
Rhd8 22. Qe1 Bxe4 23. Nxe4 Qxc2+ 24. Ka1 Rc4 25. Nd2 Qc3+ 26. Ka2 Qc2+ 1/2-1/2

[Event "CAN op"]
[Site "Hamilton CAN"]
[Date "2022.07.14"]
[Round "5.41"]
[White "Ajith, Aayush"]
[Black "Wang, Rachel"]
[Result "1-0"]
[WhiteElo "2122"]
[BlackElo "1850"]
[PlyCount "117"]
[EventDate "2022.07.12"]
[EventType "swiss"]
[EventRounds "9"]
[EventCountry "CAN"]

1. d4 d5 2. c4 dxc4 3. Nf3 Nf6 4. e3 e6 5. Bxc4 c5 6. Nc3 Nc6 7. O-O cxd4 8.
exd4 Be7 9. d5 exd5 10. Nxd5 Nxd5 11. Bxd5 O-O 12. Be3 Bf6 13. Bxc6 Qxd1 14.
Rfxd1 bxc6 15. Bd4 Bxd4 16. Nxd4 c5 17. Nc6 Be6 18. Rdc1 c4 19. Rc3 Kh8 20.
Rac1 Rfc8 21. Ne5 Rab8 22. Nxc4 h6 23. b3 Rb5 24. Ne3 Rxc3 25. Rxc3 a5 26. h3
Rb7 27. f4 g6 28. Kh2 Rb4 29. Kg3 Kg7 30. Nc2 Rb7 31. Nd4 Bd7 32. a3 Kf6 33.
Rc5 Ra7 34. Kf3 Ra6 35. Ke3 Ke7 36. Re5+ Kd6 37. Kd3 f6 38. Re1 Rb6 39. Kc4 Bc8
40. b4 axb4 41. axb4 Bb7 42. Re6+ Kc7 43. Nb5+ Rxb5 44. Kxb5 Bxg2 45. Rxf6 Bxh3
46. Rxg6 h5 47. Rh6 Bg4 48. Kc5 Bf3 49. Rh7+ Kc8 50. f5 Bg4 51. f6 Kd8 52. b5
Ke8 53. b6 Bf3 54. Kd6 Be4 55. b7 Bxh7 56. b8=Q+ Kf7 57. Qh8 Bg6 58. Qg7+ Ke8
59. Qe7# 1-0

[Event "CAN op"]
[Site "Hamilton CAN"]
[Date "2022.07.14"]
[Round "5.42"]
[White "Demchenko, Kyrylo"]
[Black "Zhang, Brian"]
[Result "1/2-1/2"]
[WhiteElo "2109"]
[BlackElo "1842"]
[PlyCount "114"]
[EventDate "2022.07.12"]
[EventType "swiss"]
[EventRounds "9"]
[EventCountry "CAN"]

1. e4 c5 2. Nc3 a6 3. f4 d6 4. Nf3 Nf6 5. g3 b5 6. d3 Bb7 7. Bg2 Nc6 8. O-O e6
9. Kh1 Be7 10. Be3 d5 11. e5 Ng4 12. Bg1 h5 13. h4 d4 14. Ne4 Nb4 15. Qd2 Qd7
16. Nh2 Nh6 17. Rfd1 Nf5 18. Nf1 O-O 19. Qe2 g6 20. Bf2 Nd5 21. Bf3 Kg7 22. c4
dxc3 23. bxc3 Rac8 24. Rac1 c4 25. dxc4 Rxc4 26. Nfd2 Rc7 27. c4 bxc4 28. Rxc4
Rfc8 29. Rdc1 Qb5 30. Rxc7 Qxe2 31. Bxe2 Rxc7 32. Rxc7 Nxc7 33. Kh2 Nb5 34. Bc5
Bd8 35. a4 Nbd4 36. Bc4 Bc6 37. Bxa6 Bxa4 38. Nd6 Bc6 39. Bb7 Nxd6 40. Bxc6
Nxc6 41. Bxd6 Nd4 42. Ne4 Nf5 43. Bc5 Ba5 44. Kg2 Be1 45. Kf3 Kg8 46. Nf6+ Kg7
47. Bf2 Bxf2 48. Kxf2 Kh6 49. Ne8 Kh7 50. Nd6 Kg7 51. Nxf5+ gxf5 52. Ke3 Kf8
53. Kd4 Ke7 54. Kc5 Kd7 55. Kb6 Kd8 56. Kc6 Kc8 57. Kd6 Kd8 1/2-1/2

[Event "CAN op"]
[Site "Hamilton CAN"]
[Date "2022.07.14"]
[Round "5.43"]
[White "Supsup, Ferdinand"]
[Black "Ruelland, Geoffrey"]
[Result "0-1"]
[WhiteElo "1810"]
[BlackElo "2086"]
[PlyCount "106"]
[EventDate "2022.07.12"]
[EventType "swiss"]
[EventRounds "9"]
[EventCountry "CAN"]

1. d4 Nf6 2. Nc3 d5 3. Bf4 g6 4. e3 Bg7 5. Nb5 Na6 6. h3 O-O 7. Nf3 Ne4 8. Bd3
c6 9. Nc3 Nxc3 10. bxc3 Qa5 11. Qd2 c5 12. Ne5 c4 13. Be2 Re8 14. h4 f6 15. Nf3
e5 16. dxe5 fxe5 17. Bg3 Bg4 18. e4 Rad8 19. exd5 Bxf3 20. gxf3 e4 21. O-O Bxc3
22. Qg5 Bd2 23. f4 Qc5 24. Rab1 Rxd5 25. Qf6 Rf5 26. Qa1 Nb4 27. a3 Nd5 28.
Rxb7 Nc3 29. Bg4 e3 30. fxe3 Qxe3+ 31. Kh2 Qe4 32. Rd7 Rd5 33. Bf3 Rxd7 34.
Bxe4 Rxe4 35. Rf3 Ne2 36. Qf6 Nd4 37. Rf2 Nf5 38. Qc6 Red4 39. h5 R7d6 40. Qe8+
Kg7 41. Re2 c3 42. Kh3 Rd8 43. Qe5+ Kh6 44. Re4 R8d5 45. Qe8 Ng7 46. Rxd4 Rxh5+
47. Kg2 Nxe8 48. Ra4 a5 49. Kf3 Rb5 50. Bf2 Nd6 51. Bd4 Nf5 52. Bf2 Kg7 53. Ke4
h5 0-1

[Event "CAN op"]
[Site "Hamilton CAN"]
[Date "2022.07.14"]
[Round "5.44"]
[White "Zhao, Jeffrey Renfei"]
[Black "Lu, Tony"]
[Result "1-0"]
[WhiteElo "2020"]
[BlackElo "1773"]
[PlyCount "53"]
[EventDate "2022.07.12"]
[EventType "swiss"]
[EventRounds "9"]
[EventCountry "CAN"]

1. e4 e6 2. d4 d5 3. Nc3 Nf6 4. e5 Ne4 5. Nxe4 dxe4 6. Ne2 b6 7. g3 Bb7 8. Bg2
c5 9. c3 Qc7 10. O-O Nd7 11. Be3 Rd8 12. Qa4 Bc6 13. Qc2 Qb7 14. Nf4 Be7 15.
Qe2 a6 16. Qg4 g5 17. Nxe6 fxe6 18. Qh5+ Kf8 19. f3 Kg7 20. Bxg5 Nf8 21. Bh6+
Kg8 22. Qg4+ Kf7 23. Qg7+ Ke8 24. Qxh8 exf3 25. Bxf8 Bxf8 26. Bxf3 Bxf3 27. Qf6
1-0

[Event "CAN op"]
[Site "Hamilton CAN"]
[Date "2022.07.14"]
[Round "5.45"]
[White "Schneider, Mitchell"]
[Black "Richard, Leo"]
[Result "1-0"]
[WhiteElo "1684"]
[BlackElo "2014"]
[PlyCount "45"]
[EventDate "2022.07.12"]
[EventType "swiss"]
[EventRounds "9"]
[EventCountry "CAN"]

1. d4 Nf6 2. c4 e6 3. Nf3 d5 4. Nc3 c5 5. cxd5 exd5 6. g3 Nc6 7. Bg2 Be7 8. O-O
O-O 9. Bg5 h6 10. Bxf6 Bxf6 11. dxc5 Be6 12. e3 Bxc3 13. bxc3 Qa5 14. Nd4 Qxc5
15. Qb3 Rfc8 16. Rac1 b5 17. Rfd1 Nxd4 18. Rxd4 a5 19. Bxd5 Ra6 20. Bxe6 fxe6
21. Rcd1 Qxc3 22. Rd8+ Kh7 23. Qb1+ 1-0